| 000 | 01229nam a2200253 i 4500 | ||
|---|---|---|---|
| 001 | 167204 | ||
| 003 | ES-MaACL | ||
| 005 | 20230906213457.0 | ||
| 008 | 931025s1692 sp a |||| | spa d | ||
| 100 | 1 |
_aVera Tassis y Villarroel, Juan de. _9133620 |
|
| 245 | 1 | 0 |
_aHistoria del origen, invención y milagros de la sagrada imagen de Nuestra Señora de la Almudena _b: antigüedades y excelencias de Madrid... / _cJuan de Vera Tassis y Villarroel... |
| 260 |
_aEn Madrid : _bpor Francisco Sanz..., _c1692. |
||
| 300 |
_a[16], 511 p. [1] h. de grab. ; _cFol. (30 cm) |
||
| 530 | _aDisponible en formato digital. | ||
| 597 | _aSign.: [calderón]8, A-Z6, 2A-2T6, 2V3. | ||
| 597 | _aApostillas marginales. | ||
| 597 | _aTexto enmarcado. | ||
| 597 | _aPort. orlada. | ||
| 599 | _aLa h. de grab., entre [calderón]8 y A1 es calc.: "Franciscus Ygnacius Ruiz Pictor Regius" | ||
| 650 | 4 |
_aVirgen de la Almudena. _9157617 |
|
| 651 | 4 |
_aMadrid- _xHistoria. _98963 |
|
| 852 |
_aES-MaACL _jR-1535 _z- Enc. piel no original de la época _q- Falto de la h. de grab. _x Olim:1535 |
||
| 856 |
_uhttp://bibliotecavirtualmadrid.org/bvmadrid_publicacion/i18n/consulta/registro.do?id=462 _zBiblioteca Digital de la Comunidad de Madrid |
||
| 999 |
_c167204 _d167204 |
||